<?xml version="1.0" encoding="UTF-8"?>
<record
    xmlns:xsi="http://www.w3.org/2001/XMLSchema-instance"
    xsi:schemaLocation="http://www.loc.gov/MARC21/slim http://www.loc.gov/standards/marcxml/schema/MARC21slim.xsd"
    xmlns="http://www.loc.gov/MARC21/slim">

  <leader>00823nas a22002651i 4500</leader>
  <controlfield tag="003">EG-GICUS</controlfield>
  <controlfield tag="005">20251125120929.0</controlfield>
  <controlfield tag="008">25111919u19uuuuuuua sr p       0   f0ara d</controlfield>
  <datafield tag="040" ind1=" " ind2=" ">
    <subfield code="a">EG-GICUS</subfield>
    <subfield code="b">ara</subfield>
    <subfield code="c">EG-GICUS</subfield>
    <subfield code="e">rda</subfield>
  </datafield>
  <datafield tag="043" ind1=" " ind2=" ">
    <subfield code="a">a-jo</subfield>
  </datafield>
  <datafield tag="049" ind1=" " ind2=" ">
    <subfield code="a">&#x625;&#x647;&#x62F;&#x627;&#x621;</subfield>
  </datafield>
  <datafield tag="092" ind1=" " ind2=" ">
    <subfield code="2">21</subfield>
    <subfield code="a">306</subfield>
    <subfield code="b">A518</subfield>
  </datafield>
  <datafield tag="099" ind1=" " ind2=" ">
    <subfield code="a">306 A518</subfield>
  </datafield>
  <datafield tag="222" ind1=" " ind2=" ">
    <subfield code="a">&#x639;&#x645;&#x627;&#x646;</subfield>
  </datafield>
  <datafield tag="245" ind1="0" ind2="0">
    <subfield code="a">&#x639;&#x645;&#x627;&#x646; :</subfield>
    <subfield code="b">&#x645;&#x62C;&#x644;&#x629; &#x62B;&#x642;&#x627;&#x641;&#x64A;&#x629; &#x634;&#x647;&#x631;&#x64A;&#x629;</subfield>
  </datafield>
  <datafield tag="246" ind1="0" ind2="3">
    <subfield code="a">Um&#x101;n</subfield>
  </datafield>
  <datafield tag="264" ind1=" " ind2=" ">
    <subfield code="a">&#x639;&#x645;&#x627;&#x646; :</subfield>
    <subfield code="b">&#x623;&#x645;&#x627;&#x646;&#x629; &#x639;&#x645;&#x627;&#x646; &#x627;&#x644;&#x643;&#x628;&#x631;&#x649; &#x61B;</subfield>
    <subfield code="c">1993-</subfield>
  </datafield>
  <datafield tag="300" ind1=" " ind2=" ">
    <subfield code="a">&#x645;&#x62C;&#x644;&#x62F; :</subfield>
    <subfield code="b">&#x625;&#x64A;&#x636;&#x627;&#x62D;&#x64A;&#x627;&#x62A; &#x61B;</subfield>
    <subfield code="c">30 &#x633;&#x645;</subfield>
  </datafield>
  <datafield tag="541" ind1=" " ind2=" ">
    <subfield code="a">&#x625;&#x647;&#x62F;&#x627;&#x621;</subfield>
    <subfield code="d">2024-10-24</subfield>
    <subfield code="c">&#x62F;.&#x62C;&#x627;&#x628;&#x631; &#x639;&#x635;&#x641;&#x648;&#x631;</subfield>
  </datafield>
  <datafield tag="588" ind1=" " ind2=" ">
    <subfield code="5">&#x627;&#x644;&#x648;&#x635;&#x641; &#x645;&#x627;&#x62E;&#x648;&#x630; &#x645;&#x646; : &#x627;&#x644;&#x639;&#x62F;&#x62F;(159)</subfield>
  </datafield>
  <datafield tag="650" ind1=" " ind2="7">
    <subfield code="a">&#x627;&#x644;&#x62B;&#x642;&#x627;&#x641;&#x629;</subfield>
    <subfield code="v">&#x62F;&#x648;&#x631;&#x64A;&#x627;&#x62A;</subfield>
    <subfield code="2">qarmak</subfield>
  </datafield>
  <datafield tag="710" ind1=" " ind2=" ">
    <subfield code="a">&#x623;&#x645;&#x627;&#x646;&#x629; &#x639;&#x645;&#x627;&#x646; &#x627;&#x644;&#x643;&#x628;&#x631;&#x649;</subfield>
  </datafield>
  <datafield tag="905" ind1=" " ind2=" ">
    <subfield code="a">Samah</subfield>
    <subfield code="e">Abeer</subfield>
  </datafield>
  <datafield tag="942" ind1=" " ind2=" ">
    <subfield code="n">0</subfield>
    <subfield code="c">CR</subfield>
  </datafield>
  <datafield tag="999" ind1=" " ind2=" ">
    <subfield code="c">176015</subfield>
    <subfield code="d">176015</subfield>
  </datafield>
  <datafield tag="952" ind1=" " ind2=" ">
    <subfield code="p">0103010G000108090159</subfield>
    <subfield code="o">306A518</subfield>
    <subfield code="a">CUCL</subfield>
    <subfield code="b">clx1</subfield>
    <subfield code="2">ddc</subfield>
    <subfield code="y">CR</subfield>
    <subfield code="i">1</subfield>
  </datafield>
  <datafield tag="952" ind1=" " ind2=" ">
    <subfield code="p">0103010G000107120150</subfield>
    <subfield code="o">306A518</subfield>
    <subfield code="a">CUCL</subfield>
    <subfield code="b">clx1</subfield>
    <subfield code="2">ddc</subfield>
    <subfield code="t">c2</subfield>
    <subfield code="y">CR</subfield>
    <subfield code="i">1</subfield>
  </datafield>
  <datafield tag="952" ind1=" " ind2=" ">
    <subfield code="p">0103010G000108100161</subfield>
    <subfield code="o">306A518</subfield>
    <subfield code="a">CUCL</subfield>
    <subfield code="b">CUCL</subfield>
    <subfield code="2">ddc</subfield>
    <subfield code="t">c3</subfield>
    <subfield code="y">CR</subfield>
    <subfield code="i">1</subfield>
  </datafield>
</record>
